• 首页
  • 本馆介绍
  • 公告通知
  • 最新文献
  • 馆藏检索
  • 电子资源
  • 读者导购
  • 参考咨询
  • 我的图书馆
  • 登录
  • 详细信息显示
  • 放入我的书架
  • 预约/预借图书
  • 作者相关作品
  • 分类相关作品
  • 丛书相关作品
  • 出版社相关作品

书目信息

  • 表格格式
  • 工作单格式
  • 卡片格式
题名:
中国人的圣书
    
 
作者: 宋淑萍 著
分册:  
出版信息: 石家庄   河北人民出版社  1988.08
页数: 140页
开本: 21cm
丛书名: 中国历代经典宝库
单 册:
中图分类: B222.22
科图分类:
主题词: 孔丘--哲学--注释 , 孔丘--注释
电子资源:
ISBN: 7-202-00184-5
000 00689nam0 2200241 45
001 0505181752
005 20050519151745.0
010    @a7-202-00184-5@dCNY2.00
100    @a20050518d1988 km y0chiy0120 ea
101 0  @achi
105    @a z 000yy
200 1  @a中国人的圣书@AZhong Guo Ren De Sheng Shu@e论语@ELun Yu@f宋淑萍著@FSongShu Ping Zhu
210    @a石家庄@c河北人民出版社@d1988.08
215    @a140页@d21cm
225    @a中国历代经典宝库
410    @12001 @a中国历代经典宝库
517    @a论语@ALun Yu
606 0  @a孔丘@x哲学@x注释
606 0  @a孔丘@x注释
690    @aB222.22@v3
701  0 @a宋淑萍@4著
801    @aCN@bPftUser@c20050518
905    @f1@b221587@dB222.22@e101
    
    中国人的圣书:论语/宋淑萍著.-石家庄:河北人民出版社,1988.08
    140页;21cm.-(中国历代经典宝库)
    
    
    ISBN 7-202-00184-5:CNY2.00
    
●
相关链接 在E读中查询图书 在五车中查询图书 在当当中查询图书 在豆瓣中查询图书


正题名:中国人的圣书     索取号:B222.22/101         预约/预借

序号 登录号 条形码 馆藏地/架位号 状态 备注
1 0221587   002049811   第一样本阅览室/ [索取号:B222.22/101] 在馆    
唐山师范学院图书馆 欢迎您!
大连网信软件有限公司© 版权所有